[Event "BL 8081 Katernberg-Frankfurt"]
[Site "?"]
[Date "1981.??.??"]
[Round "?.2"]
[White "Staller, P."]
[Black "Rosen, W."]
[Result "1/2-1/2"]
[WhiteElo "2355"]
[BlackElo "2310"]
[PlyCount "59"]
[EventDate "1981.??.??"]

1. e4 c5 2. Nf3 e6 3. d4 cxd4 4. Nxd4 Nf6 5. Nc3 d6 6. g3 Nc6 7. Bg2 Bd7 8. O-O
a6 9. Nce2 Nxd4 10. Nxd4 Rc8 11. b3 b5 12. Bb2 Be7 13. Qd2 O-O 14. Rfd1 Qb6 15.
Rac1 Rfd8 16. Bc3 Qb8 17. Ba5 Rf8 18. Bb4 e5 19. Nf5 Bxf5 20. exf5 Rfd8 21. Bd5
Rd7 22. a3 Bd8 23. c4 Bb6 24. h3 bxc4 25. Rxc4 Rxc4 26. bxc4 Bd4 27. Bc3 Bc5
28. Bb4 Bd4 29. Bc3 Bc5 30. Bb4 1/2-1/2

[Event "BL 8081 Katernberg-Frankfurt"]
[Site "?"]
[Date "1981.??.??"]
[Round "?.7"]
[White "Waagener, U."]
[Black "Steinbacher, M."]
[Result "0-1"]
[WhiteElo "2275"]
[BlackElo "2265"]
[PlyCount "42"]
[EventDate "1981.??.??"]

1. e4 e5 2. Nf3 Nc6 3. d4 exd4 4. Nxd4 Bc5 5. Nf5 d5 6. Nxg7+ Kf8 7. Nh5 Qh4 8.
Ng3 Nf6 9. Be2 Ne5 10. b4 Bxb4+ 11. Nd2 Rg8 12. Bb2 Neg4 13. Bxg4 Bxg4 14. Qc1
Nxe4 15. Ngxe4 Re8 16. O-O dxe4 17. g3 Qh3 18. Re1 Re6 19. Ba3 Bd6 20. Bxd6+
cxd6 21. Qa3 Rh6 0-1

[Event "BL 8081 Markth'feld-Delmenhorst"]
[Site "?"]
[Date "1981.??.??"]
[Round "?.1"]
[White "Goehring, K."]
[Black "Franke, R."]
[Result "1-0"]
[WhiteElo "2285"]
[BlackElo "2290"]
[PlyCount "93"]
[EventDate "1981.??.??"]

1. e4 c5 2. c3 d5 3. exd5 Qxd5 4. d4 cxd4 5. cxd4 Nc6 6. Nf3 e5 7. Nc3 Bb4 8.
Bd2 Bxc3 9. Bxc3 exd4 10. Nxd4 Nge7 11. Nxc6 Qxc6 12. Qd4 Bf5 13. O-O-O Qh6+
14. Qd2 Qxd2+ 15. Rxd2 O-O 16. Bd3 Be6 17. Be4 Nc6 18. b3 Rfe8 19. Kb2 f6 20.
Rhd1 Bg4 21. Bd5+ Be6 22. Bf3 Rad8 23. Rxd8 Rxd8 24. Rxd8+ Nxd8 25. Bd4 a6 26.
Kc3 Nc6 27. Bb6 Kf7 28. a4 Ke7 29. b4 Bd7 30. Bc7 Ke6 31. Kc4 b5+ 32. axb5 Ne5+
33. Bxe5 Bxb5+ 34. Kc5 Kxe5 35. Bb7 Kf4 36. Kb6 Bf1 37. g3+ Kg4 38. Bxa6 Bg2
39. Bc8+ f5 40. Kc5 g6 41. h4 Bf1 42. Be6 Ba6 43. Bc4 Bc8 44. b5 Kf3 45. Kc6 f4
46. Kc7 Bf5 47. Bd5+ 1-0

[Event "BL 8081 Markth'feld-Delmenhorst"]
[Site "?"]
[Date "1981.??.??"]
[Round "?.2"]
[White "Meyer, CD."]
[Black "Meinberger, L."]
[Result "1-0"]
[WhiteElo "2250"]
[BlackElo "2230"]
[PlyCount "89"]
[EventDate "1981.??.??"]

1. e4 c5 2. Nf3 e6 3. d3 Nc6 4. g3 d5 5. Nbd2 Nf6 6. Bg2 Be7 7. O-O O-O 8. Re1
Re8 9. c3 b5 10. e5 Nd7 11. Nf1 Rb8 12. h4 Nf8 13. h5 b4 14. h6 g6 15. N1h2
bxc3 16. bxc3 Nd7 17. Ng4 Qa5 18. Bd2 Qa3 19. Bf1 Bb7 20. Qe2 d4 21. c4 Nb4 22.
Bxb4 Qxb4 23. Nd2 Qa4 24. Ne4 Bxe4 25. Qxe4 Rb6 26. Rab1 Reb8 27. Rxb6 axb6 28.
Re2 b5 29. Qc6 Qa7 30. cxb5 Nb6 31. Bg2 c4 32. dxc4 Rc8 33. Qf3 Bg5 34. Nf6+
Kh8 35. Ne4 Bxh6 36. Nd6 Rf8 37. c5 Nd5 38. b6 Qa4 39. b7 Qd1+ 40. Kh2 Qb1 41.
Qb3 Qxb3 42. axb3 d3 43. Re1 d2 44. Ra1 Bg7 45. f4 1-0

[Event "BL 8081 Erlangen-Wilmersdorf"]
[Site "?"]
[Date "1981.??.??"]
[Round "?.1"]
[White "Feustel, B."]
[Black "Lieb, H."]
[Result "1/2-1/2"]
[WhiteElo "2355"]
[BlackElo "2285"]
[PlyCount "21"]
[EventDate "1981.??.??"]

1. Nf3 Nf6 2. c4 c6 3. g3 d5 4. b3 Bg4 5. Bb2 Nbd7 6. Bg2 e6 7. O-O Bd6 8. d3
O-O 9. Nbd2 Qe7 10. a3 a5 11. Qc2 1/2-1/2

[Event "BL 8081 Erlangen-Wilmersdorf"]
[Site "?"]
[Date "1981.??.??"]
[Round "?.2"]
[White "Bilek, M."]
[Black "Heidrich, M."]
[Result "1-0"]
[WhiteElo "2225"]
[BlackElo "2230"]
[PlyCount "101"]
[EventDate "1981.??.??"]

1. d4 d6 2. Nf3 f5 3. Nc3 Nf6 4. Bg5 e6 5. e4 fxe4 6. Bxf6 gxf6 7. Nxe4 Qe7 8.
Bd3 Nc6 9. O-O Bd7 10. c4 O-O-O 11. d5 Ne5 12. dxe6 Bxe6 13. Nd4 d5 14. cxd5
Rxd5 15. Qa4 Nxd3 16. Qxa7 Bg4 17. Nc3 Re5 18. Qa8+ Kd7 19. Qxb7 Qc5 20. Nf3
Bd6 21. Ne4 Rxe4 22. Qxe4 Qf5 23. Qa4+ Ke7 24. Nd4 Qh5 25. f4 Qc5 26. Kh1 Nxb2
27. Rae1+ Kf8 28. Qa8+ Kg7 29. Qe4 Rg8 30. f5 Kh8 31. h3 Qe5 32. Qxe5 fxe5 33.
Nc6 Bh5 34. Nxe5 Ra8 35. f6 Bxe5 36. Rxe5 Bg6 37. f7 Kg7 38. Re7 Rf8 39. Rxc7
Rxf7 40. Rfxf7+ Bxf7 41. Rb7 Na4 42. Ra7 Nc3 43. a4 Kf6 44. a5 Nd5 45. Rb7 Be8
46. Rxh7 Bb5 47. a6 Kg6 48. a7 Bc6 49. Rd7 Kg5 50. Rd6 Ba8 51. Rd8 1-0

[Event "BL 8081 Delmenhorst-Erlangen"]
[Site "?"]
[Date "1981.??.??"]
[Round "?.1"]
[White "Franke, R."]
[Black "Feustel, B."]
[Result "1-0"]
[WhiteElo "2290"]
[BlackElo "2355"]
[PlyCount "167"]
[EventDate "1981.??.??"]

1. Nf3 g6 2. c4 Bg7 3. d4 d6 4. Nc3 Nd7 5. g3 e6 6. e4 Ne7 7. Bg2 O-O 8. O-O h6
9. b3 a6 10. Bb2 Rb8 11. Qe2 b5 12. Rfd1 Bb7 13. Rab1 b4 14. Na4 Kh7 15. Ba1
Qe8 16. Rbc1 Bc6 17. Nb2 f5 18. exf5 Nxf5 19. d5 exd5 20. Qxe8 Rbxe8 21. cxd5
Ba8 22. Rxc7 Nf6 23. Nh4 Nd4 24. Nd3 Nb5 25. Rxg7+ Kxg7 26. Nf4 Rf7 27. Nhxg6
Nc3 28. Bxc3 bxc3 29. Nh4 Re5 30. Nf3 Re4 31. Nd4 Re5 32. Nd3 Rh5 33. Bf3 Rxd5
34. Bxd5 Nxd5 35. Rc1 h5 36. Ne6+ Kh6 37. Nef4 Nxf4 38. Nxf4 Rc7 39. h4 Be4 40.
Kf1 d5 41. Ne6 Rc8 42. Nd4 Bd3+ 43. Kg2 c2 44. f3 a5 45. Kf2 Kg6 46. a3 Re8 47.
b4 a4 48. b5 Kf6 49. b6 Rb8 50. Ke3 Bh7 51. Nxc2 Bxc2 52. Rxc2 Rxb6 53. Kd4 Kf5
54. Rc3 Rb5 55. Re3 Kf6 56. g4 Rb1 57. Kxd5 Rd1+ 58. Kc5 Rh1 59. Re4 Rxh4 60.
gxh5 Rxh5+ 61. Kb4 Rh3 62. f4 Kf5 63. Rc4 Ke6 64. Rd4 Rb3+ 65. Kxa4 Rb8 66. Ka5
Ra8+ 67. Kb4 Rb8+ 68. Kc5 Rc8+ 69. Kb6 Rb8+ 70. Kc7 Rb3 71. a4 Ra3 72. Kc6 Rc3+
73. Kb5 Rb3+ 74. Rb4 Rh3 75. Kc6 Rc3+ 76. Kb6 Kd7 77. a5 Kc8 78. f5 Rf3 79. Rb5
Rf1 80. a6 Kb8 81. Rd5 Rb1+ 82. Kc6 Ka7 83. Kd7 Kxa6 84. f6 1-0

[Event "BL 8081 Wilmersdorf-Markth'feld"]
[Site "?"]
[Date "1981.??.??"]
[Round "?.1"]
[White "Lieb, H."]
[Black "Goehring, K."]
[Result "0-1"]
[WhiteElo "2285"]
[BlackElo "2285"]
[PlyCount "110"]
[EventDate "1981.??.??"]

1. d4 Nf6 2. c4 e6 3. Nc3 Bb4 4. Bg5 h6 5. Bh4 c5 6. d5 d6 7. f3 e5 8. e4 Bxc3+
9. bxc3 Nbd7 10. Bd3 Nf8 11. Bf2 Ng6 12. g3 Qe7 13. h4 Kd8 14. Ne2 Kc7 15. Be3
Bd7 16. Kd2 Qe8 17. Rb1 Ba4 18. Bc2 Bd7 19. Qc1 Ne7 20. Qa3 Nc8 21. g4 Nb6 22.
Bd3 Qf8 23. Ng3 g6 24. g5 hxg5 25. hxg5 Nh5 26. Nxh5 gxh5 27. f4 f5 28. fxe5
fxe4 29. exd6+ Qxd6 30. Bxc5 Qe5 31. Be2 Bg4 32. Bd4 e3+ 33. Kc1 Qe4 34. Qc5+
Kd7 35. Qb5+ Ke7 36. Bc5+ Kf7 37. Rf1+ Kg6 38. Bxg4 hxg4 39. Bxb6 Rh2 40. Rb2
Rf8 41. Re1 Rh1 42. Rxh1 Qxh1+ 43. Kc2 e2 44. Kb3 Qd1+ 45. Ka3 e1=Q 46. Bd4
Qe7+ 47. Bc5 Qe8 48. Bxf8 Qxf8+ 49. Rb4 b6 50. Qc6+ Kxg5 51. Qc7 Qc1+ 52. Kb3
Qb1+ 53. Ka3 a5 54. Qe5+ Qbf5 55. Qe3+ Qf4 0-1

[Event "BL 8081 Wilmersdorf-Markth'feld"]
[Site "?"]
[Date "1981.??.??"]
[Round "?.2"]
[White "Meinberger, L."]
[Black "Bilek, M."]
[Result "0-1"]
[WhiteElo "2230"]
[BlackElo "2225"]
[PlyCount "68"]
[EventDate "1981.??.??"]

1. c4 c5 2. Nc3 Nc6 3. Nf3 g6 4. e3 Nf6 5. d4 cxd4 6. exd4 d5 7. cxd5 Nxd5 8.
Qb3 Nxc3 9. bxc3 Bg7 10. Bb5 O-O 11. O-O Be6 12. Qa4 Bd5 13. Be2 Qc7 14. Ba3
Rfe8 15. Rfd1 Rad8 16. Bb2 a6 17. c4 Be4 18. Rac1 Qc8 19. Ng5 Bxd4 20. Nxe4
Bxb2 21. Rb1 Rxd1+ 22. Qxd1 Bd4 23. Kh1 Rd8 24. Qb3 b6 25. f3 Bc5 26. Bf1 Nd4
27. Qe3 Nf5 28. Qb3 Qc7 29. Qa4 a5 30. Qb5 Rd4 31. Qe8+ Kg7 32. Ng5 e6 33. Re1
Rh4 34. g3 Rxh2+ 0-1

[Event "BL 8081 HSK-Solingen"]
[Site "?"]
[Date "1981.??.??"]
[Round "?.3"]
[White "Cordes, H."]
[Black "Hecht, H."]
[Result "1/2-1/2"]
[WhiteElo "2245"]
[BlackElo "2475"]
[PlyCount "102"]
[EventDate "1981.??.??"]

1. d4 e6 2. c4 Bb4+ 3. Bd2 Qe7 4. Nf3 Nf6 5. g3 O-O 6. Bg2 d5 7. Qc2 Nc6 8. O-O
Bxd2 9. Nbxd2 e5 10. cxd5 Nxd5 11. Nxe5 Nxd4 12. Qe4 c5 13. Qxd5 Rd8 14. Qe4
Bf5 15. Qe3 Nc2 16. Qc3 Nxa1 17. e4 Nc2 18. Qxc2 Qxe5 19. Nc4 Qc7 20. exf5 Rd4
21. f6 Rad8 22. Re1 b5 23. Ne3 Qe5 24. fxg7 Rd2 25. Qc3 Qxc3 26. bxc3 Kxg7 27.
a4 b4 28. cxb4 cxb4 29. Rb1 a5 30. Kf1 Ra2 31. Bd5 Rd2 32. Bb3 Kf6 33. Ke1 R2d3
34. Rd1 Rxd1+ 35. Bxd1 Ke5 36. Bb3 f5 37. Nc4+ Kd4 38. Kd2 Ke4+ 39. Ke2 Kd4 40.
Kd2 Ke4+ 41. Kc2 Rc8 42. Kb2 Kf3 43. Nxa5 Kxf2 44. Nc4 Kg2 45. Ne3+ Kxh2 46.
Nxf5 Rc5 47. Bc2 Kh3 48. Bb1 Rc3 49. Nd4 Ra3 50. Bc2 Kxg3 51. Bxh7 Rxa4 1/2-1/2

[Event "BL 8081 HSK-Solingen"]
[Site "?"]
[Date "1981.??.??"]
[Round "?.4"]
[White "Borngaesser, R."]
[Black "Pokern, N."]
[Result "1/2-1/2"]
[WhiteElo "2365"]
[BlackElo "2270"]
[PlyCount "71"]
[EventDate "1981.??.??"]

1. e4 e5 2. Nf3 Nc6 3. Bc4 Nf6 4. d3 Be7 5. Bb3 O-O 6. c3 d5 7. Qe2 Be6 8. Nbd2
b5 9. O-O a5 10. Nxe5 Nxe5 11. exd5 Bf5 12. Qxe5 Bxd3 13. Re1 Re8 14. Qd4 Bg6
15. Nf1 a4 16. Bd1 Qxd5 17. Bf3 Qxd4 18. cxd4 Bd6 19. Bd2 Be4 20. Be2 Rab8 21.
f3 Ba8 22. Rac1 Bd5 23. a3 Bb3 24. Bd3 Rxe1 25. Bxe1 Nd5 26. Nd2 b4 27. Nxb3
bxa3 28. bxa3 axb3 29. Rb1 b2 30. Be4 Nb6 31. Rxb2 Bxa3 32. Rc2 Bd6 33. Bg3 Rd8
34. Bxd6 cxd6 35. Rc6 Nc8 36. Rc7 1/2-1/2

[Event "BL 8081 HSK-Solingen"]
[Site "?"]
[Date "1981.??.??"]
[Round "?.5"]
[White "Jacoby, G."]
[Black "Lehmann, H."]
[Result "1-0"]
[WhiteElo "2245"]
[BlackElo "2345"]
[PlyCount "107"]
[EventDate "1981.??.??"]

1. c4 g6 2. e4 Bg7 3. Nc3 e5 4. Nge2 Nc6 5. g3 d6 6. Bg2 h5 7. h3 Be6 8. Nd5
Qd7 9. d3 Nd8 10. f4 c6 11. Ne3 Ne7 12. d4 f6 13. d5 Bf7 14. O-O c5 15. a3 exf4
16. Nxf4 g5 17. Nd3 Bg6 18. b4 b6 19. Bb2 O-O 20. g4 h4 21. Rf2 Kh7 22. Qc2 Ng8
23. Nf5 Nf7 24. Qd2 Nfh6 25. Raf1 Nxf5 26. exf5 Bf7 27. Re2 Rfc8 28. b5 a6 29.
a4 axb5 30. axb5 Ra4 31. Qc1 Re8 32. Rfe1 Rxe2 33. Rxe2 Nh6 34. Bf1 Bg8 35. Nf2
Qd8 36. Qe1 Ra7 37. Re8 Qd7 38. Ne4 Bf7 39. Re6 Bxe6 40. fxe6 Qe7 41. Qf2 f5
42. Bxg7 Qxg7 43. gxf5 g4 44. f6 Qg6 45. Qf4 gxh3+ 46. Ng5+ Kh8 47. f7 Nxf7 48.
exf7 Rxf7 49. Qxf7 Qxg5+ 50. Kh1 Qg3 51. Qf8+ Kh7 52. Qf5+ Kg7 53. Qxh3 Qf4 54.
Be2 1-0

[Event "BL 8081 HSK-Solingen"]
[Site "?"]
[Date "1981.??.??"]
[Round "?.6"]
[White "Lau, R."]
[Black "Gruenberg, Ra"]
[Result "1/2-1/2"]
[WhiteElo "2405"]
[BlackElo "2260"]
[PlyCount "84"]
[EventDate "1981.??.??"]

1. d4 Nf6 2. Nf3 g6 3. c4 Bg7 4. Nc3 d5 5. cxd5 Nxd5 6. e4 Nxc3 7. bxc3 O-O 8.
Be3 c5 9. Rc1 cxd4 10. cxd4 Qa5+ 11. Qd2 Qxd2+ 12. Nxd2 Rd8 13. Nb3 Nc6 14. d5
Nb4 15. Bd2 Na6 16. Na5 Rd6 17. Be2 e6 18. Bf4 Rb6 19. Nc4 Rb4 20. Bd2 Ra4 21.
Nd6 Bd7 22. Nxb7 Rxa2 23. Bxa6 Rxa6 24. Nc5 Rd6 25. Bf4 e5 26. Bg5 Bb5 27. Kd2
Bf8 28. Rc3 Rb6 29. Be3 Be8 30. Ra1 Rb4 31. f3 Rb2+ 32. Rc2 Rxc2+ 33. Kxc2 Rc8
34. Ra5 a6 35. Kd2 Bb5 36. Nxa6 Bf1 37. Nc5 Bxg2 38. Ke2 f5 39. Nd7 fxe4 40.
fxe4 Bg7 41. Nc5 Bf8 42. Nd7 Bg7 1/2-1/2

[Event "BL 8081 HSK-Solingen"]
[Site "?"]
[Date "1981.??.??"]
[Round "?.7"]
[White "Zieher, H."]
[Black "Dueball, J."]
[Result "0-1"]
[WhiteElo "2230"]
[BlackElo "2445"]
[PlyCount "72"]
[EventDate "1981.??.??"]

1. e4 c5 2. Nf3 d6 3. d4 cxd4 4. Nxd4 Nf6 5. Nc3 g6 6. g3 Nc6 7. Nde2 Bg7 8.
Bg2 O-O 9. O-O Rb8 10. a4 a6 11. Nd5 b5 12. axb5 axb5 13. Bg5 Nd7 14. Qc1 Nc5
15. b4 Bxa1 16. Qxa1 Ne6 17. Bh6 Re8 18. f4 f6 19. f5 Ng7 20. fxg6 Ne5 21.
gxh7+ Kxh7 22. Be3 Be6 23. Nd4 Rh8 24. Nxe6 Nxe6 25. Qa7 Nd7 26. Bh3 Ra8 27.
Qb7 Rb8 28. Qc6 Ne5 29. Qc3 Nf8 30. Ba7 Rb7 31. Bd4 Nfg6 32. Bf5 Kg7 33. Nf4
Nf8 34. Nd5 e6 35. Bxe6 Nxe6 36. Rxf6 Nxd4 0-1

[Event "BL 8081 FH Hamburg-Katernberg"]
[Site "?"]
[Date "1981.??.??"]
[Round "?.2"]
[White "Rosen, W."]
[Black "Dankert, P."]
[Result "0-1"]
[WhiteElo "2310"]
[BlackElo "2365"]
[PlyCount "82"]
[EventDate "1981.??.??"]

1. c4 e5 2. Nc3 Nf6 3. Nf3 Nc6 4. e3 Bb4 5. Nd5 d6 6. Nxb4 Nxb4 7. d4 e4 8. a3
Nc6 9. Nd2 O-O 10. Be2 Re8 11. b4 Ne7 12. Bb2 Ng6 13. h4 d5 14. h5 Nf8 15. cxd5
Nxd5 16. Qb3 c6 17. b5 Be6 18. bxc6 bxc6 19. Qc2 Qg5 20. Nf1 Rab8 21. Bc1 f5
22. g3 Nd7 23. f4 exf3 24. Bxf3 Qf6 25. Rh2 Bf7 26. Re2 c5 27. Bb2 c4 28. Bc3
Rb3 29. Bxd5 Bxd5 30. Nd2 Rbb8 31. Qa4 Nb6 32. Qxa7 Qd6 33. Rb1 Qxg3+ 34. Kd1
Rb7 35. Qa5 Ra8 36. Qc5 Rc8 37. Qa5 Qd6 38. Bb4 Qc6 39. Bc5 Nd7 40. Rxb7 Qxb7
41. Bb4 Ra8 0-1

[Event "BL 8081 FH Hamburg-Katernberg"]
[Site "?"]
[Date "1981.??.??"]
[Round "?.6"]
[White "Rupp, C."]
[Black "Muender, M."]
[Result "1-0"]
[WhiteElo "2260"]
[BlackElo "2385"]
[PlyCount "129"]
[EventDate "1981.??.??"]

1. Nf3 Nf6 2. g3 g6 3. Bg2 d6 4. d4 Bg7 5. O-O O-O 6. c4 Nc6 7. Nc3 Rb8 8. h3
a6 9. Be3 Bd7 10. Rc1 b5 11. cxb5 axb5 12. d5 Na5 13. b3 e5 14. dxe6 fxe6 15.
Qc2 b4 16. Ne4 Nd5 17. Bd4 Bxd4 18. Nxd4 c5 19. Nf3 Qe7 20. Rfd1 Nc6 21. Rd2
Na7 22. Nxd6 Qxd6 23. e4 Rbc8 24. Nh4 Nb5 25. exd5 e5 26. Nf3 Bf5 27. Qc4 Nd4
28. Nxd4 cxd4 29. Qf1 Rc3 30. Re1 Bd7 31. Qe2 Re8 32. g4 Qf6 33. Qe4 Qg5 34.
Rdd1 h5 35. f3 Kg7 36. f4 Qxf4 37. Qxf4 exf4 38. Rxe8 Bxe8 39. Rxd4 f3 40. Bf1
Rc2 41. Rxb4 Rxa2 42. Rd4 hxg4 43. hxg4 Ra1 44. Kf2 Kf6 45. Bc4 Ke5 46. Rd3 Kf4
47. Rxf3+ Kxg4 48. Rg3+ Kf4 49. Rf3+ Kg4 50. Rf8 Bd7 51. Ke3 g5 52. Rf7 Be8 53.
Re7 Bg6 54. Be2+ Kh4 55. d6 Rb1 56. Rb7 Bf5 57. Kd4 Rb2 58. Bc4 g4 59. Ke5 Kg5
60. Rg7+ Kh6 61. Rf7 g3 62. Rf6+ Bg6 63. Bd3 Re2+ 64. Bxe2 g2 65. Bd3 1-0

[Event "BL 8081 FH Hamburg-Katernberg"]
[Site "?"]
[Date "1981.??.??"]
[Round "?.7"]
[White "Kordsachia, T."]
[Black "Waagener, U."]
[Result "0-1"]
[WhiteElo "2350"]
[BlackElo "2275"]
[PlyCount "106"]
[EventDate "1981.??.??"]

1. Nf3 Nf6 2. d4 e6 3. c4 Bb4+ 4. Bd2 Qe7 5. Qb3 Nc6 6. a3 Bxd2+ 7. Nbxd2 d6 8.
g3 O-O 9. Bg2 e5 10. d5 Nd8 11. O-O b6 12. Qc2 e4 13. Ng5 e3 14. Nde4 Nxe4 15.
Nxe4 exf2+ 16. Rxf2 Bg4 17. Raf1 Nb7 18. Nc3 Bh5 19. Nb5 Bg6 20. Qc1 a5 21. Qf4
Nc5 22. h4 Rae8 23. Rd1 Qd7 24. Bf3 Re5 25. Nd4 Qa4 26. Rc1 Nb3 27. Rc3 Nxd4
28. Qxd4 Rfe8 29. Rf1 Qd7 30. Qf2 f6 31. Qd4 Be4 32. Kg2 Qg4 33. Qf2 Qh5 34.
Bxe4 Rxe4 35. e3 Rxc4 36. Qf3 Qxf3+ 37. Kxf3 Rxc3 38. bxc3 f5 39. Ke2 g6 40.
Kd3 Kg7 41. Rf4 Re5 42. c4 h6 43. Kd4 g5 44. hxg5 hxg5 45. Rf2 Kg6 46. Kd3 Re7
47. Rg2 Rh7 48. e4 Rh3 49. exf5+ Kxf5 50. Ke3 Kg4 51. Kf2 Rh1 52. Ke3 Ra1 53.
Rf2 Rxa3+ 0-1

[Event "BL 8081 Solingen-FH Hamburg"]
[Site "?"]
[Date "1981.??.??"]
[Round "?.2"]
[White "Dankert, P."]
[Black "Kavalek, L."]
[Result "0-1"]
[WhiteElo "2365"]
[BlackElo "2550"]
[PlyCount "138"]
[EventDate "1981.??.??"]

1. d4 Nf6 2. c4 e6 3. Nf3 b6 4. Nc3 Bb4 5. Bg5 h6 6. Bh4 Bb7 7. e3 g5 8. Bg3
Ne4 9. Qc2 Bxc3+ 10. bxc3 Nxg3 11. hxg3 Nc6 12. Be2 Qe7 13. a4 Na5 14. O-O h5
15. c5 f5 16. Ne5 Rh6 17. f3 d6 18. cxd6 cxd6 19. Nc4 Nxc4 20. Bxc4 Rc8 21.
Bb5+ Kf7 22. d5 Kg7 23. Qd3 Rc5 24. Bc6 Bxc6 25. dxc6 Rh8 26. a5 Rxc6 27. axb6
Rxb6 28. Ra5 Rc8 29. Rfa1 Rc7 30. g4 hxg4 31. fxg4 fxg4 32. R5a4 Rbc6 33. Rxg4
Rxc3 34. Qd4+ e5 35. Qe4 Qf6 36. Ra6 Rf7 37. Ra1 Qf2+ 38. Kh2 Qxe3 39. Qd5 Rd3
40. Qe6 Rd4 41. Re1 Qxe1 42. Rxg5+ Kf8 43. Qc8+ Ke7 44. Qc7+ Ke6 45. Rg6+ Rf6
46. Qc8+ Kd5 47. Qb7+ Kc4 48. Qa6+ Kb4 49. Qb7+ Kc3 50. Rg3+ Qxg3+ 51. Kxg3
Rd3+ 52. Kh2 Rf4 53. Qxa7 Kd2 54. Qa5+ Ke2 55. Qa2+ Rd2 56. Qa6+ Kf2 57. Qb6+
Rfd4 58. g3 e4 59. Qb3 e3 60. Qf7+ Ke1+ 61. Kh3 e2 62. Qb7 Kf2 63. Qg2+ Ke3 64.
Qg1+ Kd3 65. Qb1+ Rc2 66. Qb5+ Rcc4 67. Qb3+ Kd2 68. Qb2+ Ke3 69. Qb1 Kf2 0-1

[Event "BL 8081 Solingen-FH Hamburg"]
[Site "?"]
[Date "1981.??.??"]
[Round "?.3"]
[White "Hecht, H."]
[Black "Rosin, W."]
[Result "1-0"]
[WhiteElo "2475"]
[BlackElo "2265"]
[PlyCount "85"]
[EventDate "1981.??.??"]

1. e4 Nc6 2. Nf3 e5 3. Bb5 a6 4. Bxc6 dxc6 5. O-O Bd6 6. d4 exd4 7. Qxd4 f6 8.
Be3 Ne7 9. Nbd2 O-O 10. Rad1 b5 11. Qc3 Qe8 12. Bc5 Qh5 13. Nb3 Rd8 14. Rd3 Bg4
15. h3 Be6 16. Rfd1 Qg6 17. Bxd6 cxd6 18. Rxd6 Rxd6 19. Rxd6 Bf7 20. Nc5 Qh6
21. Qd4 Re8 22. Qd2 Qxd2 23. Rxd2 Ng6 24. b3 h6 25. Rd6 Ne7 26. Nd4 Rc8 27.
Nxa6 Ra8 28. Nxc6 Ng6 29. Rd8+ Rxd8 30. Nxd8 Be8 31. Nc7 Bd7 32. Nb7 Nf4 33.
Kf1 Bc6 34. Nc5 b4 35. f3 h5 36. Kf2 h4 37. N7a6 Bb5 38. Nxb4 g5 39. c4 Be8 40.
Nd5 Ng6 41. Nxf6+ Kf7 42. Nxe8 Kxe8 43. Ne6 1-0

[Event "BL 8081 Solingen-FH Hamburg"]
[Site "?"]
[Date "1981.??.??"]
[Round "?.4"]
[White "Clemens, C."]
[Black "Borngaesser, R."]
[Result "1-0"]
[WhiteElo "2390"]
[BlackElo "2365"]
[PlyCount "121"]
[EventDate "1981.??.??"]

1. g3 f5 2. d4 Nf6 3. Bg2 g6 4. c4 Bg7 5. Nc3 d6 6. d5 c6 7. Nh3 O-O 8. O-O Qe8
9. Nf4 Na6 10. e4 g5 11. Nd3 fxe4 12. Nxe4 Nxe4 13. Bxe4 h6 14. Rb1 Nc7 15. f4
cxd5 16. cxd5 Bf5 17. Bxf5 Rxf5 18. fxg5 Rxf1+ 19. Qxf1 hxg5 20. Bxg5 Qg6 21.
h4 Nxd5 22. Qf3 e6 23. Re1 Bd4+ 24. Kg2 Rf8 25. Qe4 Qxe4+ 26. Rxe4 e5 27. g4
Nf6 28. Bxf6 Rxf6 29. g5 Rf8 30. Re2 d5 31. Kg3 e4 32. Nb4 Rd8 33. Kg4 Bc5 34.
a3 d4 35. Rxe4 d3 36. Re1 a5 37. Na2 Bf2 38. Rh1 Rd4+ 39. Kh5 d2 40. Nc3 b5 41.
Nd1 Be1 42. Rh3 b4 43. axb4 axb4 44. b3 Kg7 45. Rh2 Rf4 46. Rh1 Rd4 47. Rh3 Rf4
48. Ne3 Re4 49. Nf5+ Kf8 50. Rd3 Rf4 51. Kg6 Ke8 52. Ng7+ Ke7 53. h5 Rf3 54.
Nf5+ Ke8 55. Rd4 Rxb3 56. h6 Rh3 57. h7 d1=Q 58. Rxd1 Bc3 59. Nd6+ Ke7 60. Ne4
Bh8 61. Re1 1-0

[Event "BL 8081 Solingen-FH Hamburg"]
[Site "?"]
[Date "1981.??.??"]
[Round "?.5"]
[White "Lehmann, H."]
[Black "Cording, H."]
[Result "1/2-1/2"]
[WhiteElo "2345"]
[BlackElo "2340"]
[PlyCount "64"]
[EventDate "1981.??.??"]

1. d4 Nf6 2. Nf3 g6 3. g3 Bg7 4. Bg2 O-O 5. O-O d6 6. Nc3 d5 7. Re1 b6 8. e4
dxe4 9. Nxe4 Nxe4 10. Rxe4 Bb7 11. Re1 Nd7 12. c3 e6 13. Bf4 Re8 14. h4 c5 15.
h5 cxd4 16. cxd4 gxh5 17. Rc1 Nf6 18. Be5 Rc8 19. Nh4 Bxg2 20. Nxg2 Qd7 21. Qd2
Rxc1 22. Rxc1 Rc8 23. Rd1 Qc6 24. Bxf6 Bxf6 25. Qf4 Bg7 26. d5 exd5 27. Ne3 Qf6
28. Qxf6 Bxf6 29. Nxd5 Kg7 30. Nxf6 Kxf6 31. Rd7 Rc2 32. Rxa7 Rxb2 1/2-1/2

[Event "BL 8081 Solingen-FH Hamburg"]
[Site "?"]
[Date "1981.??.??"]
[Round "?.6"]
[White "Muender, M."]
[Black "Lau, R."]
[Result "1/2-1/2"]
[WhiteElo "2385"]
[BlackElo "2405"]
[PlyCount "76"]
[EventDate "1981.??.??"]

1. d4 e6 2. c4 c5 3. d5 exd5 4. cxd5 d6 5. Nc3 g6 6. e4 Bg7 7. f4 a6 8. Nf3 Bg4
9. Be2 Nd7 10. O-O Ne7 11. a4 O-O 12. Nd2 Bxe2 13. Qxe2 Re8 14. Qd3 Rc8 15. Nc4
Nb6 16. b3 f5 17. Ra2 fxe4 18. Nxe4 Nexd5 19. Re2 Nb4 20. Qh3 Nxc4 21. bxc4 Nc6
22. Rfe1 Nd4 23. Re3 Rf8 24. Ng5 h6 25. Ne6 Nxe6 26. Rxe6 Qd7 27. Rxg6 Qxh3 28.
gxh3 Rf6 29. Rxf6 Bxf6 30. Re6 Kf7 31. Rxd6 Rd8 32. Rxd8 Bxd8 33. Kg2 Kf6 34.
Kf3 Kf5 35. Be3 Be7 36. Bf2 Bd6 37. Be3 Be7 38. Bc1 Bd6 1/2-1/2

[Event "BL 8081 Solingen-FH Hamburg"]
[Site "?"]
[Date "1981.??.??"]
[Round "?.7"]
[White "Dueball, J."]
[Black "Kordsachia, T."]
[Result "1-0"]
[WhiteElo "2445"]
[BlackElo "2350"]
[PlyCount "63"]
[EventDate "1981.??.??"]

1. e4 e6 2. d4 d5 3. Nc3 Bb4 4. e5 c5 5. a3 Bxc3+ 6. bxc3 Ne7 7. a4 Qa5 8. Bd2
Bd7 9. Qg4 Nbc6 10. Qxg7 O-O-O 11. Nf3 Qb6 12. Bd3 Rhg8 13. Qh6 Rxg2 14. Kf1
Rdg8 15. Ng5 Rg4 16. h3 R4xg5 17. Bxg5 Qb2 18. Rd1 Qxc3 19. Bxe7 Nxe7 20. Rg1
Rxg1+ 21. Kxg1 Bxa4 22. dxc5 Qxe5 23. Qh4 Qg7+ 24. Kf1 Bc6 25. Qxe7 d4 26. Qh4
Bf3 27. Be2 Bg2+ 28. Ke1 d3 29. Rxd3 Qa1+ 30. Kd2 Qa5+ 31. Rc3 Qd8+ 32. Qxd8+
1-0

[Event "BL 8081 Katernberg-HSK"]
[Site "?"]
[Date "1981.??.??"]
[Round "?.2"]
[White "Kunsztowicz, U."]
[Black "Rosen, W."]
[Result "1-0"]
[WhiteElo "2460"]
[BlackElo "2310"]
[PlyCount "99"]
[EventDate "1981.??.??"]

1. d4 Nf6 2. c4 c5 3. d5 e5 4. Nc3 d6 5. e4 Be7 6. Nf3 O-O 7. g3 Ne8 8. Bg2 g6
9. Bh6 Ng7 10. O-O f5 11. Qd2 Nd7 12. Ng5 Nf6 13. exf5 gxf5 14. Bxg7 Kxg7 15.
Ne6+ Bxe6 16. dxe6 Ne8 17. Bxb7 Rb8 18. Bc6 Bg5 19. Qc2 Nc7 20. Bd7 Qe7 21. f4
exf4 22. gxf4 Bf6 23. Rae1 Kh8 24. Kh1 Bd4 25. Re2 Rf6 26. Rfe1 Rg8 27. Rg2
Rxg2 28. Qxg2 Nxe6 29. Qa8+ Qf8 30. Qxa7 Qg7 31. Qb7 Rg6 32. Ne2 Nf8 33. Bc8
Qxb7+ 34. Bxb7 Re6 35. Kg2 Ng6 36. Kf1 Bxb2 37. a4 Re3 38. a5 Ra3 39. a6 Kg7
40. Rd1 Bd4 41. Nxd4 cxd4 42. Rxd4 Kf7 43. Ke1 Ke7 44. Kd2 Nf8 45. Rd3 Ra2+ 46.
Kc1 Ne6 47. Rh3 Nxf4 48. Rxh7+ Ke6 49. Kb1 Ra4 50. a7 1-0

[Event "BL 8081 Katernberg-HSK"]
[Site "?"]
[Date "1981.??.??"]
[Round "?.6"]
[White "Gruenberg, Ra"]
[Black "Rupp, C."]
[Result "1-0"]
[WhiteElo "2260"]
[BlackElo "2260"]
[PlyCount "73"]
[EventDate "1981.??.??"]

1. e4 c5 2. Nf3 Nc6 3. d4 cxd4 4. Nxd4 Nf6 5. Nc3 d6 6. Be2 g6 7. O-O Bg7 8.
Be3 O-O 9. Nb3 a6 10. f4 Qc7 11. Bf3 Na5 12. Nxa5 Qxa5 13. Bd4 e5 14. Be3 Qc7
15. Kh1 Be6 16. f5 Bd7 17. g4 gxf5 18. exf5 h6 19. h4 Bc6 20. g5 Ng4 21. Bg1
Qd7 22. Nd5 Bxd5 23. Bxd5 h5 24. Qe2 Rfe8 25. f6 Bf8 26. g6 Re6 27. Bxe6 Qxe6
28. g7 Bxg7 29. fxg7 Kxg7 30. Qf3 Qe7 31. Bf2 Rc8 32. c3 Rc4 33. Bg3 e4 34.
Rae1 d5 35. Qf5 e3 36. Qg5+ Qxg5 37. hxg5 {ZÜ} 1-0